Visualizzazione normale
Vista MARC
- Elliot Brian
di Personal Name
Records bibliografici associati: 1
001 - CONTROL NUMBER
- control field: 19904
003 - CONTROL NUMBER IDENTIFIER
- control field: IT-RoPau
005 - DATE AND TIME OF LATEST TRANSACTION
- control field: 20140409210949.0
008 - FIXED-LENGTH DATA ELEMENTS
- fixed length control field: 140409|| aca||aabn | a|a d
040 ## - CATALOGING SOURCE
- Original cataloging agency: IT-RoPau
- Transcribing agency: IT-RoPau
100 ## - HEADING--PERSONAL NAME
- Personal name: Elliot Brian
- Miscellaneous information: Codice autore musica SPICS: 28462
- Relator term: Autore musica
- Name of part/section of a work: Papa Don't Preach
670 ## - SOURCE DATA FOUND
- Source citation: Work cat.: (IT-RoPau)98874: Madonna (Ciccone) 19899, True Blue